00161nam a2200073Ia 4500008004100000082000800041100001400049245002400063240331s9999 xx 000 0 und d bBEG aBegam,S.J 0aKadhala? Kadamaiya?